Catálogo
 En Linea

La planification des services de bibliothéque et de documentation / (Registro nro. 24058)

Detalles MARC
000 -CABECERA
campo de control de longitud fija 00989nam a2200265 a 4500
001 - NÚMERO DE CONTROL
campo de control 000024565
005 - FECHA Y HORA DE LA ÚLTIMA TRANSACCIÓN
campo de control 20200930023236.0
008 - DATOS DE LONGITUD FIJA--INFORMACIÓN GENERAL
campo de control de longitud fija 110131s1971 fr r 000 p fre d
020 ## - NÚMERO INTERNACIONAL ESTÁNDAR DEL LIBRO
Número Internacional Estándar del Libro 9232008149
040 ## - FUENTE DE LA CATALOGACIÓN
Centro catalogador/agencia de origen DO-SdBNP
Lengua de catalogación spa
Centro/agencia transcriptor BNPHU
082 ## - NÚMERO DE LA CLASIFICACIÓN DECIMAL DEWEY
Número de clasificación 025.52
Número de documento/Ítem P412p, 1971
049 ## - FONDOS LOCALES (OCLC)
Fondos de biblioteca BNGR
100 1# - ENTRADA PRINCIPAL--NOMBRE DE PERSONA
Nombre de persona Penna, Carlos Víctor,
Fechas asociadas al nombre 1911-1998
9 (RLIN) 50363
245 13 - MENCIÓN DE TÍTULO
Título La planification des services de bibliothéque et de documentation /
Mención de responsabilidad, etc. Carlos Victor Penna ; rev. et augm par Philip H. Sewell et Herman Liebaers.
250 ## - MENCIÓN DE EDICIÓN
Mención de edición 2e éd.
260 ## - PUBLICACIÓN, DISTRIBUCIÓN, ETC.
Lugar de publicación, distribución, etc. Paris, (Francia) :
Nombre del editor, distribuidor, etc. Unesco,
Fecha de publicación, distribución, etc. 1971.
300 ## - DESCRIPCIÓN FÍSICA
Extensión 178 p. ;
Dimensiones 21 cm.
490 1# - MENCIÓN DE SERIE
Mención de serie Manuels de l'Unesco à l'usage des bibliothèques ;
Designación de volumen o secuencia 17
500 ## - NOTA GENERAL
Nota general Annexes
504 ## - NOTA DE BIBLIOGRAFÍA, ETC.
Nota de bibliografía, etc. Bibliographie (p. 95)
650 #4 - PUNTO DE ACCESO ADICIONAL DE MATERIA--TÉRMINO DE MATERIA
Término de materia o nombre geográfico como elemento de entrada Servicios bibliográficos
Subdivisión general Planificación
9 (RLIN) 50364
650 #4 - PUNTO DE ACCESO ADICIONAL DE MATERIA--TÉRMINO DE MATERIA
Término de materia o nombre geográfico como elemento de entrada Centros de documentación
Subdivisión general Planificación
9 (RLIN) 50365
700 1# - PUNTO DE ACCESO ADICIONAL--NOMBRE DE PERSONA
Nombre de persona Sewell, Philip H.
9 (RLIN) 50366
830 #0 - PUNTO DE ACCESO ADICIONAL DE SERIE-TÍTULO UNIFORME
Título uniforme Manuels de l'Unesco à l'usage des bibliothèques
Designación de volumen o secuencia 17
9 (RLIN) 50367
Existencias
Estado de retiro Estado de pérdida Restricciones de uso No para préstamo Código de colección Localización permanente Ubicación/localización actual Ubicación en estantería Fecha de adquisición Número de inventario Total de préstamos Signatura topográfica completa Código de barras Fecha visto por última vez Precio válido a partir de Tipo de ítem Koha
        Monografías: Libros y Folletos General General En catalogación 31.01.2011 LF1   025.52 P412p, 1971 24565-10 25.06.2020 25.06.2020 Préstamo en sala

Con tecnología Koha